Psychiatric nursing : (Record no. 355978)
[ view plain ]
| 000 -LEADER | |
|---|---|
| fixed length control field | 00309nam a2200097Ia 4500 |
| 008 - FIXED-LENGTH DATA ELEMENTS--GENERAL INFORMATION | |
| fixed length control field | 180219s9999 xx 000 0 und d |
| 100 ## - MAIN ENTRY--PERSONAL NAME | |
| Personal name | Evangelista-Sia, Maria Loreto J. |
| 245 ## - TITLE STATEMENT | |
| Title | Psychiatric nursing : |
| Remainder of title | a text book and a reviewer |
| 260 ## - PUBLICATION, DISTRIBUTION, ETC. (IMPRINT) | |
| Place of publication, distribution, etc | Davao City |
| Name of publisher, distributor, etc | EPH Jade bookstore |
| Date of publication, distribution, etc | 2004 |
| 300 ## - PHYSICAL DESCRIPTION | |
| Extent | iii, 445 pages |
| Withdrawn status | Lost status | Damaged status | Home library | Current library | Shelving location | Date acquired | Source of acquisition | Total Checkouts | Full call number | Barcode | Date last seen | Price effective from | Koha item type |
|---|---|---|---|---|---|---|---|---|---|---|---|---|---|
| College Library | College Library | Filipiniana Section | 02/19/2018 | RC 440 .Ev92 2004 | c21251 | 05/08/2018 | 02/19/2018 | Books |